LEADER 01057nam a2200265 i 4500 001 000000218403 003 CaOOAMICUS 005 20130201000000.0 008 130201s2012 it u000 u ita u 013 $a197300 020 $a978-88-7105-314-1 040 $aSeMil$bita 245 12$aI sensi spirituali :$btra corpo e spirito /$cAntonio Montanari (ed.) 260 $aMilano :$bGlossa,$c2012. 300 $aXVII, 504 p. ;$c20 cm. 490 0 $aSapientia ;$v59 650 4$aSensi spirituali.$0(OLS)http://semarc/subject/17993 700 1 $aMontanari, Antonio <1957- >.$0(OLS)http://semarc/name/47091 830 0$aSapientia ;$v59.$0(OLS)http://semarc/title/625 850 $aSeMil 852 $aSeMil$W1$xVenegono$y1$m2KA O 59$j229406$B168813$CSeMilBibl$Z2$F179693 $81 961 $aSottoscrizione: Glossa 996 $6020$a978-88-7105-314-1$9(OLS)http://semarc/number/216091 996 $6245$aI sensi spirituali :$btra corpo e spirito$9(OLS)http://semarc/title/313599 996 $6260$aMilano :$bGlossa$9(OLS)http://semarc/publisher/29635 LEADER 00926nam a2200229 i 4500 001 000000102559 003 CaOOAMICUS 005 20180830171932.0 008 180830s1941 fr u000 u mul u 013 $a74712 040 $aSeMil$bita 245 10$aQuestions 1-7. 300 $a472 p. 500 $aIn Appendici : Notes explicatives ; Renseignements techniques ; Notes bibliographiques. 650 4$aFede.$0(OLS)http://semarc/subject/589 700 0 $aTommaso : d'Aquino,$c.$0(OLS)http://semarc/name/423 773 0 $aTommaso : d'Aquino $tSomme Théologique.$dParis : Desclée & Cie $w()6218 773 0 $t[Secunda Secundae Pars].$w()6226 773 0 $tFoi.$d[S.l.] : Revue des Jeunes, 1941-1950.$gTome1$w()6751 850 $aSeMil 852 $aSeMil$W1$xVenegono$y1$m660 28.3 16a *$j59058$B59058$CSeMilBibl$Z2$F70071 $81 996 $6245$aQuestions 1-7$9(OLS)http://semarc/title/149233